000 00601nam a22002177a 4500
003 OSt
005 20141216142922.0
008 141216b xxu||||| |||| 00| 0 eng d
020 _a0827345631
040 _cDNLM
082 _aW 18 S649m 1991
100 _aSmith Genevieve Love
_92238
245 _aMedical terminology:
_bA programmedd Text
_hRevised by Jean Tannis Dennerll
250 _a6th ed.
300 _axiv, 400 p :
_bcol.ill ;
_c27 cm.
504 _aIncludes Index
650 _aMedicine
_9324
700 _aDavis Phyllis
_92239
700 _a Dennerll jean Tannis
_92240
942 _2z
_cSLOAN
999 _c826
_d826